| 000 | 00730nam a2200241Ia 4500 | ||
|---|---|---|---|
| 003 | OSt | ||
| 005 | 20220924113106.0 | ||
| 006 | a|||||r|||| 00| 0 | ||
| 007 | ta | ||
| 008 | 220923b |||||||| |||| 00| 0 eng d | ||
| 024 | _a58256 | ||
| 037 | _cDictionary | ||
| 040 |
_aARTS _cARTS _beng |
||
| 041 |
_2eng _aeng |
||
| 082 | _aP15:4k, 113C7 (+) | ||
| 100 |
_aZacharie Theodor _9169454 |
||
| 245 | 0 | _aIndischen worterbucher (Kosa) | |
| 260 | _c1897 | ||
| 490 | _aGrundriss der Indo Arischen Philologie und altertumskunde or Encyclopedia of Indo Aryan research hrsg von G.Buhler bd1,H.3B | ||
| 650 | _aLINGUISTICS | ||
| 942 |
_hP15:4k, 113C7 (+) _cdic _2cc |
||
| 999 |
_c389204 _d389204 |
||